• 首页
  • 本馆介绍
  • 公告通知
  • 最新文献
  • 馆藏检索
  • 电子资源
  • 读者导购
  • 参考咨询
  • 我的图书馆
  • 登录
  • 详细信息显示
  • 放入我的书架
  • 预约/预借图书
  • 作者相关作品
  • 分类相关作品
  • 丛书相关作品
  • 出版社相关作品

书目信息

  • 表格格式
  • 工作单格式
  • 卡片格式
题名:
多拉报告
    
 
作者: 山多尔 , Sandor 著 ;柴鹏飞 译
分册:  
出版信息: 北京   群众出版社  1980
页数: 364页
开本: 19cm
丛书名:
单 册:
中图分类: K152 , D751.5
科图分类:
主题词: 第二次世界大战--史料
电子资源:
ISBN:
000 00812nam0 2200289 45
001 0180000715
005 20060820150227.70
010    @dCNY1.10
091    @a3067.109
100    @a19950428d1980 em y0chiy0121 ea
101 1  @achi@chun
102    @aCN@b110000
105    @ay z 000zy
200 10 @a多拉报告@Aduo la bao gao@f(匈)拉多·山多尔(Rado Sandor)著@g柴鹏飞译
210    @a北京@c群众出版社@d1980
215    @a364页@d19cm
300    @a书名原文:Dora Jelenti...
510 1  @aDora Jelenti...@zhun
606    @a第二次世界大战@x史料
690    @aK152@v3
690    @aD751.5@v3
701  1 @a山多尔@Ashan duo er@bR.@4著
701 A1 @aSandor@bR.@4著
702  0 @a柴鹏飞@Achai peng fei@4译
801  0 @aCN@b上海图书馆@c20060820
801  2 @aCN@bNLC@c20060728
905    @dD751.5@e21@f2@b41047-048
    
    多拉报告/(匈)拉多·山多尔(Rado Sandor)著/柴鹏飞译.-北京:群众出版社,1980
    364页;19cm
    书名原文:Dora Jelenti...
    
    ISBN :CNY1.10
    
●
相关链接 在E读中查询图书 在五车中查询图书 在当当中查询图书 在豆瓣中查询图书


正题名:多拉报告     索取号:D751.5/21         预约/预借

序号 登录号 条形码 馆藏地/架位号 状态 备注
1 0041046   001661936   密集书库/ [索取号:D751.5/21] 在馆    
2 0041047   000364992   第一样本阅览室/ [索取号:D751.5/21] 在馆    
3 0041048   000365009   第一借阅区/ [索取号:D751.5/21] 在馆    
4 0041049   001923324   密集书库/ [索取号:D751.5/21] 在馆    
5 0041050   001662007   密集书库/ [索取号:D751.5/21] 在馆    
6 0425236   204252361   密集书库/ [索取号:D751.5/21] 在馆    
7 0427523   204275239   密集书库/ [索取号:D751.5/21] 在馆    
8 0440211   204402119   密集书库/ [索取号:D751.5/21] 在馆    
9 0440212   204402128   密集书库/ [索取号:D751.5/21] 在馆    
10 0471681   204716815   密集书库/ [索取号:D751.5/21] 在馆    
唐山师范学院图书馆 欢迎您!
大连网信软件有限公司© 版权所有